| 000 | 00861nam a2200229 a 4500 | ||
|---|---|---|---|
| 001 | 000031808 | ||
| 003 | OSt | ||
| 005 | 20250701121838.0 | ||
| 008 | 110706s2008 dr 000 | spa d | ||
| 040 |
_aDO-SdBNP _bspa _cBNPHU |
||
| 082 |
_axxxx _bR426r |
||
| 110 | 1 |
_aRepública Dominicana. _bSecretaría de Estado de Educación Superior, Ciencia y Tecnología _918778 |
|
| 245 | 1 | 0 |
_aReglamento del nivel de postgrado de las instituciones de educación superior / _cpresentación Ligia Amada Melo de Cardona. |
| 260 |
_aSanto Domingo : _bSecretaría de Estado de Educación Superior, Ciencia y Tecnología, _c2008. |
||
| 300 |
_a50 p. ; _c22 cm. |
||
| 490 | 1 |
_a[SEESCYT] ; _v15 ; |
|
| 590 | _aInventariado, 2020/ YL | ||
| 700 | 1 | 2 |
_aMelo de Cardona, Ligia Amada, _epresent. _927174 |
| 830 | 0 |
_a[SEESCYT]; _n15 _958022 |
|
| 910 | _aYLockward | ||
| 942 |
_2ddc _cLF2 |
||
| 999 |
_c31300 _d31300 |
||